| 000 | 01080nam a22003137a 4500 | ||
|---|---|---|---|
| 001 | BR0502281 | ||
| 003 | BR-BrBNA | ||
| 005 | 20230928101906.0 | ||
| 007 | ta | ||
| 008 | 230509b bl.||||| |||| 00| 0 por d | ||
| 040 |
_aBR-BrBNA _bpor _cBiblioteca Nacional de Agricultura |
||
| 041 | _a(Por) | ||
| 072 |
_aF30; H10 _b1580 _b4020 |
||
| 090 | _ 1580 BR0502281 | ||
| 100 | 1 | _aSantos, A.M.F. | |
| 110 | 1 |
_aUniversidade de Brasília, DF (Brasil). Faculdade de Agronomia e Medicina Veterinária _0Tese (Mestre em Ciências Agrárias) |
|
| 245 | 1 | _aEstudo de genótipos de batata-doce do Maranhão e Distrito Federal: coleta, caracterização, avaliação agronômica e entomológica | |
| 260 | 3 |
_aBrasília, DF (Brasil): _c2004. |
|
| 300 | _a103 p. | ||
| 500 | _aSummaries (Eng, Por); 5 tables; 12 illus.; Several bibliographies | ||
| 650 | _aBATATA DOCE | ||
| 650 | _aMELHORAMENTO GENÉTICO VEGETAL | ||
| 650 | _aGERMOPLASMA | ||
| 650 | _aPRAGA DE PLANTA | ||
| 650 | _aENTOMOLOGIA | ||
| 650 | _aCRISOMELIDEO | ||
| 909 |
_a202309 _bLucia _c55 _dLucia Elande |
||
| 942 | _cBK | ||
| 999 |
_c68088 _d68088 |
||